[Event "Bundesliga 0506"]
[Site "Germany"]
[Date "2005.11.13"]
[Round "4.3"]
[White "Ribli, Zoltan"]
[Black "Vallejo Pons, Francisco"]
[Result "1/2-1/2"]
[WhiteElo "2585"]
[BlackElo "2674"]
[Annotator "Marin,M"]
[PlyCount "73"]
[EventDate "2005.10.21"]
[EventType "team-tourn"]
[EventRounds "15"]
[EventCountry "GER"]
[SourceTitle "CBM 110"]
[Source "ChessBase"]
[SourceDate "2006.01.31"]
[SourceVersion "1"]
[SourceVersionDate "2006.01.31"]
[SourceQuality "1"]
[WhiteTeam "Tegernsee"]
[BlackTeam "Baden-Baden"]
[WhiteTeamCountry "GER"]
[BlackTeamCountry "GER"]

1. Nf3 g6 2. e4 Bg7 3. d4 d6 4. Be2 Nf6 5. Nc3 O-O 6. O-O c6 7. a4 a5 {This
move was once considered to be the main variation, but nowadays is relatively
out of fashion. Black prevents his opponent from further winning space with
a4-a5 and ensures relative stability to his queen's knight on b4.} (7... Nbd7 {
is the more frequent continuation in recent years.}) 8. Be3 {The modern
treatment of the classical variation of the Pirc (a similar situation occurs
after 7...Nbd7 8.Be3).} ({White does not waste a tempo on taking the g4-square
under control with} 8. h3 {which is likely to allow Black sufficient time to
organize his counterplay, for instance} Na6 9. Be3 Nb4 10. Qd2 (10. Nd2 e5) (
10. Qc1 $5) 10... e5 11. dxe5 dxe5 12. Rad1 Qe7 $13 {0-1 Rozentalis,E (2610)
-Sznapik,A (2425)/Augustow 1996/CBM 057 (50)}) 8... Na6 {Black admits the
corectness of White's previous move.} ({Older editions of the ECO had} 8... Ng4
{as Black's main answer, on the basis of the following game:} 9. Bg5 h6 10. Bh4
Na6 11. Re1 ({In fact,} 11. Nd2 $1 {would put Black's entire concept under
serious doubt}) 11... Nb4 12. Bc4 g5 13. Bg3 Nf6 14. Nd2 d5 15. Bb3 Bg4 $1 16.
f3 Bh5 17. Be5 Qb6 18. Kh1 Rfd8 $132 {0-1 Browne,W-Hort,V/Wijk aan Zee 1975 
(40)}) ({However, Uhlmann's favourite} 8... Bg4 {is an important alternative.
Since the c6-square is occupied by a pawn already, the idea behind this move
is not so much to set up pressure against the d4-pawn, but to get rid of the
potentially "bad" bishop before attacking the enemy center with d6-d5, in the
spiryt of the Caro-Kann defence.} 9. h3 ({Several decades ago, Uhlmann faced} 
9. Nd2 {none less than 4 times with the same result: draw. Here is a typical
example:} Bxe2 10. Qxe2 d5 11. e5 Ne8 12. f4 f5 13. exf6 Rxf6 14. Rae1 Nd6 15.
Nf3 Nd7 16. Bc1 e6 17. b3 Qb6 $132 {[%csl Rc1,Rc3,Ye4] 1/2-1/2 Vogt,L (2450)
-Uhlmann,W (2535)/Leipzig 1975/MCL (41)}) 9... Bxf3 10. Bxf3 Nbd7 {This
doesn't seem too consequent to me.} ({I suppose that Uhlmann's intention is to
continue here} 10... d5 {anyway}) 11. Qd2 e5 12. dxe5 $6 ({Since the pressure
against the d4-square was bearable, White should have maintained the tension
with} 12. Rad1 $14) 12... dxe5 13. Rfd1 Re8 14. Qe2 Qe7 15. Qc4 Qb4 16. Be2
Qxc4 17. Bxc4 Bf8 18. Rd2 Bb4 19. Rad1 Nc5 20. Bxc5 Bxc5 $11 {1/2-1/2 Raaste,E
(2250)-Ornstein,A (2470)/Oslo 1976/MCD}) 9. Nd2 {Once White has managed to
carry out this regrouping, taking the g4-square under control, we can state
that White has won a tempo, indeed, by refraining from h3. However, Black can
also have some reasons of satisfaction: White refrained from what looks like
the most natural plan, based on connecting rooks with Qd2.} Nb4 10. f4 {
The most active continuation, building up an impressive centre of pawns.
However, with his slightly unnatural development, White doesn´t really
threaten anything concrete yet. For instance, the advance e4-e5 can be
effectively met by Nf6-d5.} (10. Ncb1 {was analized in 1-0 Stean,M (2300)
-Planinec,A (2535)/Moscow 1975/MCL/[Gagarin] (37). A more recent example went}
d5 11. c3 Na6 12. e5 Ne8 13. f4 f6 14. Na3 Nec7 15. Bd3 fxe5 16. fxe5 Bf5 17.
Bxf5 Rxf5 18. Nf3 Ne6 19. Qd2 Qd7 {1/2-1/2 Moldovan Daniel (2427)-Zaim Marian 
(2209) Rom-ch 2004}) (10. Rc1 {is some sort of mysterious move, which doesn't
really threaten Ncb1 (because of Na2, winning an exchange).} d5 $2 (10... e5 $2
11. dxe5 dxe5 12. Nc4 $16) ({Black should probably play an equally neitral,
but more useful move, such as} 10... Qc7 $5) 11. e5 Ne8 12. f4 Nc7 13. Nf3 f6
14. Qd2 Be6 15. Nd1 Qd7 16. c3 Nba6 17. Bd3 $16 {Aleksandria,N-Gaprindashvili,
N/Pitsuda-Tbilisi(m/10)/1:0 (41) Inf 20/187/}) 10... Bh6 $5 $146 {A very
direct attempt to take advantage of the relatively vulnerable position of the
e3-bishop.} ({It is probably premature to attack the centre with pawns, for
instance} 10... e5 11. dxe5 dxe5 12. Bc5 $6 (12. fxe5 Nd7 13. e6 fxe6 14. Nc4
Rxf1+ 15. Bxf1 $32) 12... exf4 $1 13. Bxf8 Qxf8 14. Rxf4 Be6 $44 15. Bd3 Nh5
16. Rh4 $2 Qd8 $17 17. Nf3 Qb6+ 18. Kh1 Nxd3 19. cxd3 Qxb2 $19 {0-1 Bohm,H 
(2300)-Planinec,A (2535)/Moscow 1975/MCL}) ({or} 10... d5 11. e5 Ne8 12. Ncb1
Bf5 13. Na3 f6 14. c3 Na6 15. g4 Bd7 16. h3 $14 {() 1-0 Chatalbashev,B (2518)
-Petrov,M (2425)/Greece 2001/EXT 2003 (35)}) ({An interesting hañf-waiting
move (in fact preparing to play ...e5 under more favourable circumstances) is} 
10... Re8 $5 11. g4 $5 (11. Nc4 d5) (11. Ncb1 Ng4 $5 12. Bxg4 Bxg4 13. Qxg4
Nxc2 14. Ra3 Nxe3 15. Rxe3 Bxd4 16. Qe2 Qb6 17. Nc4 Qc5 $15 {/\b5}) 11... Bxg4
$5 12. Bxg4 Nxg4 13. Qxg4 Nxc2 14. Qe2 Nxa1 15. Rxa1 Qc7 16. Rf1 e6 17. e5 f6
$13 {1/2-1/2 Potkin,V (2478)-Khruschiov,A (2324)/Litohoto 1999/CBM 072 ext (34)
}) 11. Kh1 {This is not a bad move, but it doesn't seem like an attempt to
refute Black's novelty.} ({In case of the more radical} 11. g4 {Black can
choose between two entirely different answers:} Ne8 $5 {This is the neutral
answer, with similar ideas as in the game.} ({The alternative would be the
rather unclear} 11... Bxg4 12. Bxg4 Nxg4 13. Qxg4 Nxc2 14. Qh3 $1 {[%csl Yh6]}
Bg7 15. Rad1 Nxd4 {although Black might still need to prove that his 3 pawns
are an adequate compensation for the sacrificed knight.}) 12. Ncb1 d5 13. c3
Na6 14. e5 f6 $132) 11... d5 12. e5 Ne8 {[%cal Yf7f6,Yf6e5,Rh6e3,Ye8g7]} 13.
Nf3 {[%csl Re4,Ye5] White prepares to meet f6xe5 with Nxe5. However, this move
weakens the e4-square. At the same time, it clears the d2-square for the queen,
in order to defend the e3-bishop in view of an eventual f4xe5.} (13. Ncb1 f6
14. c3 Na6 15. Bg1 (15. Na3 fxe5 16. dxe5 $13) 15... Ng7 {[%cal Yh6c1] looks
acceptable for Black, since White didn't really neutralise the pressure along
the h6-c1 diagonal.}) 13... Bf5 $1 14. Rc1 f6 15. Qd2 Ng7 16. Nd1 {As a
general aspect, this knight is the least favourable placed piece in this whole
classical system, since it blocks the advance of the c-pawn, thus restricting
White's advantage of space. Therefore, White decides to transfer it to f2.} Be4
({The attempt to force an immediate draw with} 16... Na2 17. Ra1 Nb4 {fails to}
18. Ne1 {lathough it is far from clear whether White has anything here, too.})
17. c3 Na6 18. Nf2 Nf5 {Black has considerably activated his pieces. White has
problems maintaining his far advanced e-pawn, while the exchange on f6 would
be an obvious concession.} 19. Ng4 (19. Nxe4 $6 dxe4 20. Ng1 fxe5 21. dxe5 Qxd2
22. Bxd2 Rad8 23. Rc2 Nc5 $132) (19. exf6 exf6 $132 {[%cal Yf8e8]}) 19... Bg7
20. Bf2 Nc7 21. Ne3 Nh6 22. Bg3 Ne6 23. h3 Qd7 24. Bh2 Nf5 {Both sides have
manoeuvred in a wise way, but the situation remains unclear.} 25. exf6 {
Finally, White loses his temper.} Bxf6 (25... exf6 $5 $11) 26. Ne5 Bxe5 27.
fxe5 Rf7 $132 {Black has arranged his minor pieces on stable squaresand has an
entirely acceptable position, with chances for counterplay.} 28. Kg1 Raf8 29.
Ng4 Neg7 30. Nf2 h5 31. Nxe4 dxe4 32. Bc4 e6 33. Qe2 e3 34. Rcd1 h4 35. Bd3 c5
36. dxc5 Qxa4 37. Qg4 1/2-1/2

[Event "Cupa Dinamo"]
[Site "Brasov"]
[Date "1998.??.??"]
[Round "1"]
[White "Negulescu, Adrian"]
[Black "Svetushkin, Dmitry"]
[Result "1/2-1/2"]
[WhiteElo "2445"]
[BlackElo "2415"]
[Annotator "Marin,M"]
[PlyCount "110"]
[EventDate "1998.03.??"]
[EventType "tourn"]
[EventRounds "11"]
[EventCountry "ROU"]
[EventCategory "8"]
[SourceTitle "CBM 063 Extra"]
[Source "ChessBase"]
[SourceDate "1998.04.29"]
[SourceVersion "1"]
[SourceVersionDate "1998.04.29"]
[SourceQuality "1"]

1. d4 g6 2. e4 Bg7 3. Nf3 d6 4. Nc3 c6 5. a4 Nf6 6. h3 O-O 7. Be3 Nbd7 8. Qd2
e5 9. dxe5 dxe5 10. Rd1 Qe7 11. Qd6 $6 Qxd6 12. Rxd6 Re8 13. Bc4 Bf8 14. Rd1
Bb4 $15 15. Ng5 Re7 16. f3 h6 17. Nxf7 Rxf7 18. Bxh6 (18. Bxf7+ $5 Kxf7 19.
Bxh6) 18... Kh7 $1 19. Bxf7 Kxh6 $17 20. O-O Kg7 21. Bb3 Nc5 22. Ne2 Ba5 (22...
Nxb3 23. cxb3 Be6) 23. Nc1 Nfd7 (23... Nxb3) 24. c3 Bc7 (24... Nxb3) 25. Bc2 a5
26. Nd3 Nxd3 27. Rxd3 Nc5 28. Rd2 Be6 29. b3 Kf6 30. Rb1 Ke7 31. h4 b5 32. axb5
cxb5 33. b4 Na4 34. Bxa4 bxa4 35. bxa5 Bb3 36. Rdb2 Rb8 37. a6 Bb6+ 38. Kh2 Kd6
39. Kg3 Ba7 40. Kg4 Kc5 41. Kg5 Rb6 42. Ra1 Rxa6 {[#]} 43. Rxb3 $3 axb3 44.
Rxa6 b2 45. Rxa7 b1=Q 46. Rc7+ Kd6 47. Rg7 Qc2 48. Rxg6+ Ke7 49. Kh5 Qxc3 50.
Rg5 Kf6 51. g4 Qb3 52. Kh6 Qe3 53. Kh7 Qa7+ 54. Kh6 Qe3 55. Kh7 Qa7+ 1/2-1/2

[Event "Cupa Dinamo"]
[Site "Brasov"]
[Date "1998.??.??"]
[Round "6"]
[White "Nevednichy, Vladislav"]
[Black "Badea, Bela"]
[Result "1/2-1/2"]
[WhiteElo "2550"]
[BlackElo "2545"]
[Annotator "Marin,M"]
[PlyCount "142"]
[EventDate "1998.03.??"]
[EventType "tourn"]
[EventRounds "11"]
[EventCountry "ROU"]
[EventCategory "8"]
[SourceTitle "CBM 063 Extra"]
[Source "ChessBase"]
[SourceDate "1998.04.29"]
[SourceVersion "1"]
[SourceVersionDate "1998.04.29"]
[SourceQuality "1"]

1. e4 g6 2. d4 Bg7 3. Nc3 d6 4. Nf3 Nf6 5. Be2 O-O 6. O-O c6 7. Re1 Nbd7 8. e5
dxe5 9. dxe5 Ng4 10. e6 fxe6 11. h3 Ngf6 (11... Nge5) 12. Bc4 Nd5 13. Ne4 N7b6
14. Bb3 Nc7 15. Qe2 Nbd5 16. Bg5 h6 17. Bd2 b6 18. Rad1 Qe8 19. c4 Nf4 20. Bxf4
Rxf4 21. Ng3 c5 22. Bc2 Bb7 23. Ne5 Rf5 24. Nxf5 exf5 25. Qd2 Ne6 26. Qd7 Qxd7
27. Rxd7 Bc8 28. Rxe7 Nd4 29. Re8+ Kh7 30. Ba4 a6 31. Bd7 Bb7 32. Re7 $1 (32.
Rxa8 $16) 32... Be4 33. f3 Bc2 34. f4 Rd8 35. h4 Be4 36. Re3 Kg8 {[#]} (36...
Bb1 37. Kh2 Bxa2 38. Rg3 $18) 37. Be6+ $2 $138 (37. Nxg6 Bf6 (37... Bf8 38. Re8
Rxd7 39. Rxf8+ Kg7 40. Ne5 Ne2+ 41. Kf2) 38. Re8+ Rxe8 39. Bxe8 $18) 37... Nxe6
38. Rxe6 g5 39. hxg5 hxg5 40. Rg3 $6 $138 (40. fxg5) 40... g4 (40... gxf4) 41.
Rxb6 Rd2 42. Rxa6 Rxb2 43. Kh2 Rc2 44. a4 Bxe5 45. fxe5 Kf7 46. a5 Ke7 47. Rf6
Rxc4 48. Ra3 Rc2 49. Kg3 Rxg2+ $6 (49... c4 $142 $132) 50. Kh4 Rh2+ 51. Kg5 c4
52. a6 Rh8 53. a7 Rc8 54. Rc3 (54. Rfa6 Ra8 (54... Ba8 55. Kxf5 c3 56. Ra1 c2
57. Rc1 g3 58. Rh6 Rf8+ 59. Rf6 Rg8 60. Rxc2 $18) 55. Kf4 Kf7 $1 (55... Kd7 56.
e6+ Ke7 57. Ke5)) (54. Raa6 c3 55. Rh6 f4 56. Kxf4 c2 57. Kxe4 c1=Q 58. Rh7+
Kd8 59. Rh8+ Kd7 60. Rxc8 Qe1+) 54... Ra8 (54... Bd3 55. Rb6 g3 (55... Ra8) 56.
Rb8 g2 57. Rc1 Bf1) 55. Rh6 Bd5 $2 $138 (55... Bd3 56. Kf4 Kd7 57. Rb6 Ke7 58.
Ra3 Be4 59. Rb8 Ke6 60. Ra6+ Ke7 61. Rxa8 Bxa8 62. Kxf5 g3 (62... c3 63. Kxg4
c2 64. Ra1 Ke6 65. Kf4) 63. Rg6 g2 64. Rg7+ Kf8 65. Kf6 c3 66. e6 $18) 56. Rh7+
Bf7 57. Rxc4 $18 Rxa7 58. Rc6 $1 {/\e6} Kf8 59. Rc8+ $138 (59. Kf6 $18) 59...
Ke7 60. Kxf5 $6 (60. Rc6 Kf8 61. Kf6) 60... g3 61. Rc3 Kf8 62. Rh8+ (62. Rxg3
Be6+ 63. Kxe6 Rxh7 64. Rf3+ (64. Ra3 Rh6+ 65. Kd7 Rb6 $11) 64... Ke8 $11) 62...
Kg7 63. Rh4 $6 (63. Rh3 Bg6+ 64. Kf4 $1 g2 65. Rhg3 {(/\Rc6)} Rf7+ 66. Ke3 Rf5
67. Rc6 Rxe5+ 68. Kd4 $18 Re4+ 69. Kd5) 63... Bg6+ 64. Ke6 Ra6+ 65. Ke7 Ra7+
66. Kd6 Ra6+ 67. Rc6 Rxc6+ 68. Kxc6 Bf5 {[#]} (68... g2 69. Rg4) 69. Rd4 $2 (
69. Ra4 $1 $18 g2 (69... Kg6 70. Ra3 g2 71. Rg3+ Kf7 72. Kd6 Bh3 73. Rg5 $18)
70. Ra1 Kf7 (70... Bd3 71. Rg1 Bf1 72. Kd7 Bb5+ 73. Kd8 Bf1 74. e6) 71. Kd6 Bh3
72. Rg1 Ke8 73. e6 Kf8 74. Rb1 (74. Kd7 Kg7 75. Rxg2+ Bxg2 76. e7 Bf1 77. Kc6
Kf7) 74... Kg7 75. e7 Kf7 76. Rb8 g1=Q 77. e8=Q+ $18) 69... Kg6 $1 {><d3} 70.
Kd6 Kg5 71. e6 g2 (71... g2 72. Rd1 Bxe6 73. Kxe6 Kf4 $11) 1/2-1/2

[Event "ROM-chT"]
[Site "Baile Tusnad"]
[Date "1997.??.??"]
[Round "?"]
[White "Ghinda, Mihail Viorel"]
[Black "Iordachescu, Viorel"]
[Result "0-1"]
[WhiteElo "2455"]
[BlackElo "2485"]
[Annotator "Marin,M"]
[PlyCount "62"]
[EventDate "1997.??.??"]
[EventType "team"]
[EventRounds "5"]
[EventCountry "ROU"]
[SourceTitle "EXT 1999"]
[Source "ChessBase"]
[SourceDate "1998.11.16"]
[SourceVersion "1"]
[SourceVersionDate "1998.11.16"]
[SourceQuality "1"]

1. e4 g6 2. d4 Bg7 3. Nf3 d6 4. Nc3 c6 5. a4 Nf6 6. h3 O-O 7. Be3 Na6 8. Bc4
Nc7 9. Bb3 b6 10. O-O Bb7 11. Re1 c5 12. dxc5 dxc5 13. Bf4 Qc8 14. Be5 Ba6 15.
Bxc7 Qxc7 16. e5 Rad8 17. Qc1 Ne8 18. Bd5 c4 19. Qg5 Qc5 20. Rad1 Nc7 21. Be4 {
(Accompanied by a draw offer in a slightly better position)} Bc8 22. Qe3 Qb4
23. Nd4 Bd7 24. Bc6 Qc5 $6 (24... Bc8) 25. Bxd7 Rxd7 26. Ne4 $4 (26. f4) 26...
Qxe5 27. Nc6 Qe6 28. Nf6+ Qxf6 29. Rxd7 Qxc6 $19 30. Qxe7 Ne6 (30... Nd5 31.
Qd6 Qxd6 32. Rxd6 Nb4 33. Re4 $1 $44 {Iordachescu}) 31. Rxa7 Bxb2 {...} 0-1

[Event "La Roche sur Yon"]
[Site "La Roche sur Yon"]
[Date "2006.03.18"]
[Round "4"]
[White "Dunis, Aurelien"]
[Black "Istratescu, Andrei"]
[Result "1/2-1/2"]
[WhiteElo "2534"]
[BlackElo "2618"]
[Annotator "Marin,M"]
[PlyCount "138"]
[EventDate "2006.03.15"]
[EventType "tourn"]
[EventRounds "9"]
[EventCountry "FRA"]
[EventCategory "12"]
[SourceTitle "CBM 112"]
[Source "ChessBase"]
[SourceDate "2006.06.07"]
[SourceVersion "1"]
[SourceVersionDate "2006.06.07"]
[SourceQuality "1"]

1. d4 g6 2. e4 Bg7 3. Nc3 c6 4. Nf3 d6 5. Be2 Nf6 6. O-O O-O 7. h3 Qc7 8. a4
Nbd7 9. a5 Rb8 $5 {[%cal Yb7b5] Instead of reacting in the centre, Black
continues his hypermodernist development.} (9... e5 {is the main alternative.})
10. Be3 b5 11. axb6 axb6 {[%csl Ge4][%cal Yb6b4]} 12. d5 $1 {With the a-pawns
on board (on, say, a6 and a4) this advance would be not too dangerous. The way
it is, Black will face constant problems because of the relative weakness of
the b5-square.} Bb7 (12... Nc5 {1/2-1/2 Loginov,V (2555)-Khalifman,A (2650)/St
Petersburg 1997/CBM 058/[Har Zvi] (42)}) 13. Nd4 Ra8 {As we shall see, the
control of the a-file is quite important for Black.} (13... Nc5 14. Bf3 {
Necessary precaution.} ({The immediate infiltration with} 14. Ra7 {does not
promisse much after} Ra8 15. Nxc6 Nfxe4 16. Nxe4 Nxe4 17. c3 e6 $132 {1-0
Motwani,P (2465)-Norwood,D (2460)/London 1988/EXT 98 (37)}) 14... e5 15. Nxc6 (
15. dxe6 Nxe6 16. Qd2 Rfe8 17. Rfe1 Rbd8 18. Ra7 Nc5 19. Bg5 Qb8 20. Raa1 b5
$132 {0-1 Gustafsson,J (2436)-Kindermann,S (2527)/Fuerth 1999/EXT 2000 (54)})
15... Bxc6 16. dxc6 Qxc6 17. Bxc5 $6 ({White understands well that he has to
give up his dark-squared bishop for the sake of controling the light squares,
but chooses the wrong knight!} 17. Bg5 $142 $1 Nfxe4 18. b4 Nxc3 19. Bxc6 Nxd1
20. Rfxd1 Ne6 21. Be7 Nd4 $14) 17... bxc5 18. Ra2 Ra8 19. Rxa8 Rxa8 {1/2-1/2
Cosma,I (2468)-Foisor,O (2409)/Balaguer 2001/EXT 2002}) 14. Qd2 {The most
consistent continuation. By connecting the rooks, White maintains the tension
along the a-file. Rushing in to take over the control of the queen side light
squares does not offer much, precisely because the control of the a-file
promisses Black sufficient counterplay.} (14. dxc6 Bxc6 15. Nxc6 Qxc6 16. Bb5
Qb7 17. Rxa8 (17. f3 {does not change anything because of} Rxa1 18. Qxa1 Ra8 {
when} 19. Qd1 {would transpose to the game.}) 17... Rxa8 18. f3 Qa7 19. Nd5
Nxd5 20. Qxd5 Nc5 21. c3 Qb8 22. Qc6 Ra7 {1/2-1/2 Stanojoski,Z (2400)
-Bogdanovski,V (2435)/Star Dorjan 1995/EXT 2004 (73)}) (14. Rxa8 Rxa8 15. dxc6
Bxc6 16. Nxc6 Qxc6 17. Bb5 Qc7 18. Nd5 Nxd5 19. Qxd5 Rb8 20. Qc6 Qxc6 21. Bxc6
Nc5 22. b4 Ne6 23. c4 Bd4 24. Bd2 Rc8 25. Bb5 Ra8 {0-1 Furlan,M (2340)
-Marangunic,S (2451)/Kranj 1999/EXT 2002 (72)}) 14... Nc5 $146 {Black
"invites" the enemy bishop to occupy the relatively modest f3-square, in order
to reduce White's influence over the b5-square. Other moves tend to leave
White with chances to consolidate his advantage.} (14... Rfc8 15. Rfd1 Nc5 16.
Rxa8 Bxa8 17. Bf3 cxd5 18. exd5 Ncd7 19. Ndb5 Qb8 20. Be2 Bb7 21. Ra1 Bf8 22.
Na7 Re8 23. Bb5 Qc7 24. Bc6 Ra8 25. Ncb5 Qb8 26. Ra3 e6 27. c4 $16 {1-0
Novikov,I (2490)-Zaichik,G (2500)/Polanica Zdroj 1989/EXT 97 (41)}) (14... cxd5
15. Ndb5 Qc8 (15... Qc6 16. exd5 Nxd5 17. Bf3 N7f6 18. Nxd5 Nxd5 19. Qd3 {
[%cal Yc2c4]} Rfc8 20. Rxa8 Bxa8 21. Ra1 Bb7 22. Ra7 $16) 16. exd5 Nc5 17. Bf3
Ba6 18. Rfe1 Nfe4 19. Nxe4 Bxb5 20. Rxa8 Qxa8 21. Nc3 Ba6 22. Bd4 Re8 23. Bxg7
Kxg7 24. Qd4+ Kg8 25. b4 Nd7 26. Bg4 $14 {1/2-1/2 Russek Libni,G (2400)
-Juswanto,D (2483)/Istanbul 2000/EXT 2001 (38)}) 15. Bf3 ({In case of} 15. f3
$6 {Black can already play} cxd5 16. Ndb5 Qc6 {, because the long diagonal is
not available to the white light-squared bishop any more.}) 15... e5 $5 {
Black deprives his opponent of the control of the vital d4-square and
obstructs the f3-bishop's diagonal at the same time. However, in doing so he
weakens the d5-square in chronical way.} 16. Nxc6 (16. dxe6 Nxe6 $11) 16...
Bxc6 17. dxc6 Qxc6 18. Rxa8 $6 {White cannot maintain the control of the
a-file and put pressure on the d-file at the same time. However, when making
his last move White might have underestimated Black's resource on the 19th
move.} (18. Bg5 Nfxe4 19. b4 d5 20. Nxd5 Qe6 $132) (18. Rfd1 Rxa1 19. Rxa1
Ncxe4 $132) (18. Rad1 $5 Rfd8 19. Bg5 $14) 18... Rxa8 19. Rd1 Bf8 $1 {Now,
Black has safely defended his backward pawn, maintaining the a-file in his
posession.} (19... Ncxe4 $6 20. Qd3 d5 21. Nxd5 $16 {[%csl Gb6][%cal Yf3a8]})
20. Nd5 {The exchange operation initiated by this move leads to complete
equality, but it is not easy to find a way to increase the pressure.} (20. Bg5
Ncd7) 20... Nxd5 21. Qxd5 Qxd5 22. Rxd5 Ra1+ 23. Rd1 Rxd1+ 24. Bxd1 Nxe4 $11
25. Bf3 f5 26. Bxe4 fxe4 27. Bxb6 Kf7 (27... d5 $1) 28. c4 Ke6 29. Kf1 (29. b4
$5 d5 $140 30. c5 Kd7 31. b5) 29... d5 30. cxd5+ Kxd5 31. Ke2 Bb4 32. Kd1 Kc4
33. Kc2 h5 34. Ba7 Ba5 35. Be3 Bb4 36. Bb6 Be1 37. Kd1 Bb4 38. Ke2 Kd5 39. Ba7
Be7 40. Be3 Kc4 41. Bb6 Kd5 42. b3 Bb4 43. f3 Be7 44. Be3 Bb4 45. f4 exf4 46.
Bxf4 Be7 47. Bd2 Kd4 48. Bh6 Kd5 49. Bg7 Bg5 50. Bc3 Bh6 51. Bd2 Bf8 52. Be1
Bh6 53. Bb4 Bg7 54. Be7 Bh6 55. b4 Kc4 56. Bc5 Bf4 57. Bf8 Bc1 58. g3 Bg5 59.
h4 Bf6 60. Bd6 Bd4 61. Kd2 Bc3+ 62. Ke2 Kd5 63. Bc5 Be5 64. Bf2 Kc4 65. Ke3
Bd4+ 66. Ke2 Bg7 67. Ke3 Bd4+ 68. Ke2 Bg7 69. Ke3 Bd4+ 1/2-1/2

[Event "ROM-chT"]
[Site "Baile Tusnad"]
[Date "1997.??.??"]
[Round "?"]
[White "Radovici, Corvin"]
[Black "Marin, Mihail"]
[Result "0-1"]
[WhiteElo "2355"]
[BlackElo "2545"]
[Annotator "Marin,M"]
[PlyCount "70"]
[EventDate "1997.??.??"]
[EventType "team"]
[EventRounds "5"]
[EventCountry "ROU"]
[SourceTitle "CBM 059"]
[Source "ChessBase"]
[SourceDate "1997.08.01"]
[SourceVersion "1"]
[SourceVersionDate "1997.08.01"]
[SourceQuality "1"]

1. e4 d6 2. d4 Nf6 3. Nc3 g6 4. Nf3 Bg7 5. Be2 O-O 6. O-O c6 7. a4 Nbd7 8. h3
Qc7 9. Be3 b6 $5 (9... e5) 10. Qd2 (10. Nd2) 10... Bb7 11. Bh6 a6 12. Bxg7 Kxg7
13. Qe3 {(/\e5)} (13. d5 Nc5 14. Qd4 e5 $1 15. dxe6 Nxe6 $132) 13... e5 14.
dxe5 dxe5 15. Rfd1 b5 16. b4 Rfe8 $5 (16... Rfd8) 17. Rd2 $6 {צa1} (17. Rab1
$142) 17... c5 $1 18. axb5 (18. bxc5 b4 $1) 18... cxb4 19. Nd5 Bxd5 20. exd5 a5
21. d6 Qb6 22. Qxb6 Nxb6 $15 {/\Ne4} 23. Bf1 $8 Nfd7 $1 (23... Ne4 24. Re2 Nxd6
25. Rxe5 $14) (23... a4 24. Re2 Nfd7 25. Re4 Nd5 26. Rc4 $36) 24. g4 a4 25.
Rdd1 (25. g5 h6 26. h4 hxg5 27. hxg5 e4 {קg5}) 25... a3 26. Rdb1 Ra4 27. Ne1
$6 e4 $17 28. c3 $5 bxc3 29. Rb3 Rc8 30. Nc2 (30. Ra2 Kf6 31. Nc2 Ke5 32. Raxa3
Rxa3 33. Rxa3 Kxd6 $17) 30... a2 31. Rc1 f5 32. Na1 Nd5 33. b6 N5xb6 (33...
N7xb6 34. Rd1 $5 $132) 34. Rbxc3 Rxc3 35. Rxc3 Kf6 (35... Kf6 36. gxf5 gxf5 37.
Rc2 Ke5 38. Rd2 Ra5 $1 {><b5} 39. Kg2 Nf6 (39... Nd5 40. Bc4) 40. Kh2 Nfd5 41.
d7 Nxd7 42. Bc4 N7b6 43. Bxa2 (43. Rxa2 Nxc4) 43... Nc3 $19) 0-1